| 000 | 00988nam a2200205Ia 4500 | ||
|---|---|---|---|
| 003 | Ost | ||
| 005 | 20260507075631.0 | ||
| 008 | 260507s9999||||xx |||||||||||||| ||und|| | ||
| 040 | _cfsecg | ||
| 041 | _aara | ||
| 082 | _a382.1 | ||
| 100 |
_aأبولبدة، نظمي _eمؤلف |
||
| 245 | 0 |
_aالتغيرات في النظام الدولي وأثرها على الأمن القومي العربي / _c نظمي أبولبدة |
|
| 260 |
_aعمان: _bدار الكندي, _c2001 |
||
| 300 |
_a355 صفحة؛ _c24 سم |
||
| 504 | _aالمراجع ص.324 | ||
| 520 | _aالتغيرات في النظام الدولي في الفترة 1985-1995،أثار انهيار الإتحاد السوفياتي والتحولات في أوروبا الشرقية على الأمن القومي العربي ، التغير في هيكل النظام الدولي والأمن القومي العربي | ||
| 653 | _aالعلاقات الاقتصادية الدولية | ||
| 942 | _cكتاب | ||
| 999 |
_c45212 _d45212 |
||